| 000 | 00385nam a2200097Ia 4500 | ||
|---|---|---|---|
| 008 | 180130s9999 xx 000 0 und d | ||
| 245 |
_cHoltschulte, Neal; Moses, Melanie _aDiversity and resistance in a model network with adaptive software |
||
| 260 | _c2016 | ||
| 300 | _aBook title: Computer and information security--Acession number C20546; pages 61-71 | ||
| 650 | _aINFORMATION SECURITY | ||
| 999 |
_c354111 _d354111 |
||